[Event "TSGM June"]
[Site "Belgrade YUG"]
[Date "2002.06.20"]
[Round "6"]
[White "Lundin,J"]
[Black "Simic,R"]
[Result "1-0"]
[WhiteElo "2143"]
[BlackElo "2406"]

1.d4 Nf6 2.c4 g6 3.Nc3 d5 4.cxd5 Nxd5 5.e4 Nxc3 6.bxc3 Bg7 7.Bb5+ c6 8.Ba4 O-O
9.Ne2 Nd7 10.Be3 a5 11.a3 b5 12.Bb3 Bb7 13.f3 e5 14.O-O Qe7 15.Qd2 Kh8 16.Bg5 f6
17.Bh6 c5 18.Bxg7+ Kxg7 19.a4 b4 20.cxb4 axb4 21.dxc5 Qxc5+ 22.Kh1 Rfd8 23.Rfc1 Qb6
24.a5 Rxa5 25.Rxa5 Qxa5 26.Qd6 Ba6 27.Rc7 Bxe2 28.Rxd7+ Rxd7 29.Qxd7+ Kh8
30.Qe8+ Kg7 31.Qe7+ Kh6 32.h4 Bxf3 33.Qf8+ Kh5 34.Qxf6 Qa1+ 35.Kh2 Qc1 36.Qxf3+ Kxh4
37.Qg3+ Kh5 38.Qxe5+ Kh6 39.Bg8 Qc8 40.Qf4+ Kg7 41.Qf7+ Kh6 42.Qxh7+ Kg5
43.Qe7+ Kh6 44.Bf7 Qg4 45.Qe6 Qg5 46.g3 Kg7 47.Qd7 Qh5+ 48.Kg1 Qc5+ 49.Kg2 Qc2+
50.Kh3 Qc1 51.Bc4+ Kh6 52.Qd4 Kh7 53.Kg4 Qh1 54.Qd5 Qa1 55.Qg8+ Kh6 56.Qf8+ Kh7
57.Bg8+  1-0

[Event "3rd IECC"]
[Site "Batumi GEO"]
[Date "2002.06.22"]
[Round "10"]
[White "Volkov,S"]
[Black "Macieja,B"]
[Result "0-1"]
[WhiteElo "2609"]
[BlackElo "2584"]

1.d4 Nf6 2.c4 g6 3.Nc3 d5 4.cxd5 Nxd5 5.e4 Nxc3 6.bxc3 Bg7 7.Qa4+ Qd7 8.Qxd7+ Nxd7
9.Nf3 b6 10.Bc4 Bb7 11.O-O O-O 12.e5 e6 13.Ng5 Rfd8 14.f3 c5 15.Be3 Rac8
16.Rfc1 Bh6 17.Kf2 Rc7 18.h4 Rdc8 19.Bd3 cxd4 20.cxd4 Rxc1 21.Bxc1 Nb8 22.Be3 Rc3
23.Ke2 Ba6 24.Bxa6 Nxa6 25.Bd2 Rc6 26.Ne4 Bxd2 27.Kxd2 Nb4 28.Nf6+ Kg7 29.a3 Nc2
30.d5 exd5 31.Rc1 Nd4 32.Rxc6 Nxc6 33.f4 d4 34.Kd3 h5 35.g4 hxg4 36.Nxg4 b5
37.Nh2 Kh6 38.Nf3 Kh5 39.Ng5 Kxh4 40.Nxf7 Kg4 41.e6 Kxf4 42.Nd8 Ne7 43.Kxd4 g5
44.Kc5 g4 45.Nc6 g3 46.Nxe7 g2 47.Kd6 g1=Q 48.Nd5+ Kf5 49.Ne7+ Kf6 50.Nd5+ Kg7
51.Nc7 Qd4+ 52.Ke7 Qc5+ 53.Kd7 Kf8 54.Kd8 Qxa3 55.Kd7 Qe7+ 56.Kc6 b4  0-1

[Event "1st Open"]
[Site "La Fere FRA"]
[Date "2002.07.03"]
[Round "6"]
[White "Gladyszev,O"]
[Black "Zigura,O"]
[Result "1-0"]
[WhiteElo "2381"]
[BlackElo "2377"]

1.d4 Nf6 2.c4 g6 3.Nc3 d5 4.cxd5 Nxd5 5.e4 Nxc3 6.bxc3 Bg7 7.Nf3 b6 8.Bb5+ c6
9.Be2 Ba6 10.O-O Bxe2 11.Qxe2 O-O 12.Bf4 Nd7 13.e5 e6 14.Ng5 b5 15.Ne4 Nb6
16.Bg5 Qd7 17.Qg4 Nd5 18.Qh4 c5 19.Bf6 Rfc8 20.Bxg7 Kxg7 21.Nf6 Nxf6 22.exf6+ Kh8
23.Rae1 Qd6 24.Re3 Qf8 25.Rh3 h6 26.d5 exd5 27.f4 Kh7 28.Rff3 h5 29.g4 Qh6
30.f5 Qc1+ 31.Rf1 Qd2 32.fxg6+ fxg6 33.gxh5  1-0

[Event "Tan Chin Nam Cup"]
[Site "Qingdao CHN"]
[Date "2002.07.04"]
[Round "2"]
[White "Dao Thien Hai"]
[Black "Lin Weiguo"]
[Result "1/2-1/2"]
[WhiteElo "2539"]
[BlackElo "2463"]

1.d4 Nf6 2.c4 g6 3.Nc3 d5 4.cxd5 Nxd5 5.e4 Nxc3 6.bxc3 Bg7 7.Bb5+ Bd7 8.Be2 c5
9.Nf3 Bg4 10.Rb1 Nc6 11.Rxb7 O-O 12.O-O Bxf3 13.Bxf3 cxd4 14.Qa4 Qc8 15.Rb5 Ne5
16.cxd4 Nxf3+ 17.gxf3 Qh3 18.Rb3 e6 19.Rd3 Rac8 20.Bf4 Rfd8 21.Rfd1 h6 22.Bg3 h5
23.Bf4 Bf6 24.Qa5 Rc2 25.a3 Ra2 26.Qe1 g5 27.Bc1 Rxd4 28.Rxd4 Be5 29.Rd8+ Kh7
30.f4 Qg4+ 31.Kh1  1/2-1/2

[Event "ch-SWE"]
[Site "Skara SWE"]
[Date "2002.07.04"]
[Round "5"]
[White "Eriksson,Joh"]
[Black "Ernst,T"]
[Result "1/2-1/2"]
[WhiteElo "2426"]
[BlackElo "2471"]

1.d4 Nf6 2.c4 g6 3.Nc3 d5 4.cxd5 Nxd5 5.e4 Nxc3 6.bxc3 Bg7 7.Nf3 c5 8.Rb1 O-O
9.Be2 cxd4 10.cxd4 Qa5+ 11.Bd2 Qxa2 12.O-O b6 13.Qc1 Qe6 14.Re1 Bb7 15.Bc4 Qd7
16.Bh6 Nc6 17.Bxg7 Kxg7 18.Bb5 Qc8 19.d5 Na5 20.Qb2+ Kg8 21.Ne5 Qc7 22.Red1 Rfd8
23.Ng4 Qf4 24.h3 h5 25.g3 Qxe4 26.Rd4 Qxd4 27.Nh6+ Kh7 28.Qxd4 Kxh6 29.Qe3+ Kg7
30.Rd1 Kg8 31.Qxe7 Rxd5 32.Rxd5 Bxd5 33.Bd7 Nb7 34.f4 Nc5 35.f5 Nxd7 36.Qxd7 Be4
37.g4 hxg4 38.hxg4 gxf5 39.gxf5 Bxf5 40.Qxf5 Re8  1/2-1/2

[Event "Open Championships"]
[Site "Paris FRA"]
[Date "2002.07.07"]
[Round "2"]
[White "Vallet,M"]
[Black "Dourerassou,J"]
[Result "0-1"]
[WhiteElo "2265"]
[BlackElo "2115"]

1.d4 Nf6 2.c4 g6 3.Nc3 d5 4.cxd5 Nxd5 5.e4 Nxc3 6.bxc3 Bg7 7.Be3 c5 8.Bc4 Nc6
9.Ne2 Qa5 10.O-O cxd4 11.cxd4 O-O 12.Rc1 Bg4 13.f3 Bd7 14.Qb3 b5 15.Bd5 Rac8
16.e5 e6 17.Be4 Ne7 18.g4 Bc6 19.a3 Bd5 20.Qb4 Qxb4 21.axb4 Bc4 22.Kf2 f5
23.exf6 Bxf6 24.g5 Bg7 25.Ra1 Rc7  0-1

[Event "Open Championships"]
[Site "Paris FRA"]
[Date "2002.07.08"]
[Round "3"]
[White "L'Huillier,T"]
[Black "Glod,P"]
[Result "1-0"]
[WhiteElo "2021"]
[BlackElo "2172"]

1.d4 Nf6 2.c4 g6 3.Nc3 d5 4.cxd5 Nxd5 5.e4 Nxc3 6.bxc3 Bg7 7.Nf3 c5 8.Be3 Qa5
9.Qd2 Nc6 10.Rc1 cxd4 11.cxd4 Qxd2+ 12.Kxd2 O-O 13.d5 Rd8 14.Ke1 Na5 15.Bg5 Bd7
16.Bd3 Rdc8 17.Ke2 Kf8 18.Bd2 b6 19.Ba6 Rxc1 20.Rxc1 Ke8 21.h3 h6 22.g4 Kd8
23.Bb4 e6 24.dxe6 fxe6 25.g5 hxg5 26.Nxg5 Ke8 27.Bd6 Bf6 28.f4 e5 29.Rf1 exf4
30.Rxf4 Be7 31.e5 Bxd6 32.exd6 Bc6 33.Rf7 Rb8 34.Re7+  1-0

[Event "Jacques Lemans Open"]
[Site "St Veiter AUT"]
[Date "2002.07.08"]
[Round "3"]
[White "Seifert,V"]
[Black "Baumgartner,M"]
[Result "1/2-1/2"]
[WhiteElo "2305"]
[BlackElo "2101"]

1.d4 Nf6 2.c4 g6 3.Nc3 d5 4.cxd5 Nxd5 5.e4 Nxc3 6.bxc3 Bg7 7.Bc4 c5 8.Ne2 Nc6
9.Be3 cxd4 10.cxd4 b5 11.Bd5 Bd7 12.Rc1 Rc8 13.O-O O-O 14.Bxc6 Rxc6 15.Rxc6 Bxc6
16.d5 Bd7 17.Bxa7 Qa5 18.Bd4  1/2-1/2

[Event "Dutch Open"]
[Site "Dieren NED"]
[Date "2002.07.09"]
[Round "1"]
[White "Verholt,G"]
[Black "L'Ami,E"]
[Result "0-1"]
[WhiteElo "2134"]
[BlackElo "2438"]

1.d4 Nf6 2.c4 g6 3.Nc3 d5 4.cxd5 Nxd5 5.e4 Nxc3 6.bxc3 Bg7 7.Bb5+ c6 8.Ba4 O-O
9.Ne2 b6 10.Be3 Bb7 11.Bc2 Nd7 12.O-O c5 13.Rb1 Rc8 14.e5 cxd4 15.cxd4 Nb8
16.Bb3 Na6 17.Qd2 Nc7 18.Rbc1 Qd7 19.Bh6 Nd5 20.Bxg7 Kxg7 21.Nf4 Nxf4 22.Qxf4 Bd5
23.Qe3 Bxb3 24.axb3 Qd5 25.f4 e6 26.g4 h6 27.f5 gxf5 28.Rxc8 Rxc8 29.gxf5 Rg8
30.Rf3 Kh7+ 31.Kf1 exf5 32.Rxf5 Qh1+ 33.Ke2 Qxh2+ 34.Rf2 Qh5+ 35.Kd2 Qg6
36.Rf6 Qg2+ 37.Rf2 Qd5 38.Qf4 Rg7 39.Qf5+ Kg8 40.Qc8+ Kh7 41.Qf5+ Kh8 42.Qf4 Rg6
43.Kc3 Kg7 44.Kb2 a5 45.Rf3 b5 46.Rg3 Rxg3 47.Qxg3+ Kf8 48.Qf4 Ke8 49.Qxh6 Qxd4+
50.Ka2 Qf2+ 51.Ka1 Qe1+ 52.Ka2 Qe2+ 53.Kb1 Qe4+ 54.Ka2 a4 55.Qh8+ Kd7 56.bxa4 Qxa4+
57.Kb2 Qf4 58.Qb8 Qd4+ 59.Kb3 Qd5+ 60.Kb4 Ke6 61.Qe8+ Kf5 62.Qe7 Qe6  0-1

[Event "Open Championships"]
[Site "Paris FRA"]
[Date "2002.07.10"]
[Round "5"]
[White "Piot,O"]
[Black "Dourerassou,J"]
[Result "0-1"]
[WhiteElo "2252"]
[BlackElo "2115"]

1.d4 Nf6 2.c4 g6 3.Nc3 d5 4.cxd5 Nxd5 5.e4 Nxc3 6.bxc3 Bg7 7.Nf3 c5 8.Be3 Nc6
9.Rc1 Qa5 10.d5 Bxc3+ 11.Rxc3 Qxc3+ 12.Bd2 Qf6 13.dxc6 Qxc6 14.Qb1 a6 15.Bc4 Be6
16.Bxe6 Qxe6 17.Qxb7 O-O 18.Qb1 Qc4 19.e5 Rab8 20.Qc1 Qe4+ 21.Be3 Rb1 22.O-O Rxc1
23.Rxc1 Rc8 24.h3 c4  0-1

[Event "Dutch Open"]
[Site "Dieren NED"]
[Date "2002.07.12"]
[Round "4"]
[White "Ernst,S"]
[Black "Nijboer,F"]
[Result "1-0"]
[WhiteElo "2469"]
[BlackElo "2567"]

1.d4 Nf6 2.c4 g6 3.Nc3 d5 4.cxd5 Nxd5 5.e4 Nxc3 6.bxc3 Bg7 7.Nf3 c5 8.Rb1 O-O
9.Be2 cxd4 10.cxd4 Qa5+ 11.Qd2 Qxd2+ 12.Bxd2 b6 13.O-O Bb7 14.d5 Ba6 15.Bxa6 Nxa6
16.Be3 f5 17.e5 f4 18.Bc1 Rad8 19.Rd1 Nc7 20.d6 exd6 21.exd6 Ne6 22.Bb2 Rf5
23.Bxg7 Kxg7 24.Rd2 Nc5 25.Re1 Kf6 26.h4 Rd7 27.Nh2 h5 28.Nf3 Ne6 29.Kf1 b5
30.a3 a5 31.Kg1 Rc5 32.Rde2 Rxd6 33.Nd2 Rxd2 34.Rxd2 Rc6 35.Rd5 Nc7 36.Rd8 Ne6
37.Ra8 f3 38.gxf3 Nd4 39.Kg2 b4 40.axb4 axb4 41.Re4 Nc2 42.Rf8+ Kg7 43.Rb8 Kf6
44.Rb5 Kf7 45.f4 Kf6 46.f5 Na3 47.Rbxb4 Kxf5 48.Kg3 Rc1 49.Re8 Rc3+ 50.f3 Rc4
51.Rb6 Nc2 52.Rf8+ Ke5 53.Rxg6 Nd4 54.Re8+ Kf5 55.Rg5+ Kf6 56.Re4  1-0

[Event "3rd Stage Russian Cup"]
[Site "Tomsk RUS"]
[Date "2002.07.12"]
[Round "5"]
[White "Konev,Al"]
[Black "Grebionkin,Vl"]
[Result "0-1"]
[WhiteElo "2039"]
[BlackElo "2475"]

1.d4 Nf6 2.c4 g6 3.Nc3 d5 4.cxd5 Nxd5 5.e4 Nxc3 6.bxc3 Bg7 7.Be3 c5 8.Qd2 cxd4
9.cxd4 Nc6 10.Rd1 O-O 11.Nf3 Bg4 12.Be2 Bxf3 13.Bxf3 e5 14.dxe5 Nxe5 15.Be2 Qh4
16.Qb4 a5 17.Qb1 b5 18.O-O b4 19.h3 Rfc8 20.Rd5 h6 21.f4 Nc4 22.Bxc4 Rxc4
23.e5 a4 24.Rfd1 Rac8 25.R5d2 Qh5 26.Rf1 Qf5 27.Qd1 Qe4 28.Qe2 Rc2 29.Rf2 b3
30.axb3 axb3 31.Bd4 Qxe2 32.Rdxe2 Bf8 33.Kh2 R8c4 34.Bb2 Bc5 35.Rxc2 bxc2
36.Rf1 Rb4 37.Bc1 Rb1 38.f5 gxf5 39.Kg3 Ba3 40.Kf4 Bxc1+ 41.Kxf5 Be3  0-1

[Event "Open"]
[Site "Oberwart AUT"]
[Date "2002.07.13"]
[Round "9"]
[White "Wukits,R"]
[Black "Mueller,Ro"]
[Result "1/2-1/2"]
[WhiteElo "2293"]
[BlackElo "2182"]

1.d4 Nf6 2.c4 g6 3.Nc3 d5 4.cxd5 Nxd5 5.e4 Nxc3 6.bxc3 Bg7 7.Bc4 c5 8.Ne2 O-O
9.Be3 Nc6 10.O-O Bg4 11.f3 Na5 12.Bd5 Bd7 13.Rb1 Qc7 14.Qd2 Rfd8 15.Bf4 Qc8
16.Bg5 Re8 17.c4 Nc6 18.Bxc6 bxc6 19.dxc5 Be6 20.Qc2 Qa6 21.Rfc1 h6 22.Be3 Rab8
23.Rb3 Rxb3 24.axb3 Rb8 25.Nf4 Bc8 26.Rd1 Kh7 27.h4 Qa3 28.Rd3 a5 29.h5 a4
30.bxa4 Qa1+ 31.Rd1 Qa3 32.hxg6+ fxg6 33.Nd3 Rb3 34.a5 Rc3 35.Qd2 Ba6 36.Bf2 Bxc4
37.Nf4  1/2-1/2

[Event "XX Open"]
[Site "Andorra la Vella AND"]
[Date "2002.07.14"]
[Round "9"]
[White "Oms Pallise,J"]
[Black "De Jong,JW"]
[Result "0-1"]
[WhiteElo "2453"]
[BlackElo "2234"]

1.d4 Nf6 2.c4 g6 3.Nc3 d5 4.cxd5 Nxd5 5.e4 Nxc3 6.bxc3 Bg7 7.Bc4 c5 8.Ne2 O-O
9.O-O Nc6 10.Be3 Bg4 11.f3 cxd4 12.cxd4 Na5 13.Bb5 Bd7 14.Rb1 a6 15.Bd3 b5
16.Qd2 f5 17.d5 fxe4 18.fxe4 Rxf1+ 19.Rxf1 Rc8 20.Bd4 e5 21.Be3 Nc4 22.Bxc4 Rxc4
23.Ng3 b4 24.h3 a5 25.Kh2 Qc8 26.Rf2 a4 27.Bh6 b3 28.axb3 axb3 29.Bxg7 Rc2
30.Bxe5 Rxd2 31.Rxd2 Qc1 32.Rf2 h5 33.Bb2 Qb1 34.h4 Qd3 35.Be5 Qb5 36.Bf6 Qd3
37.Be5 Qb5 38.Kg1 Bg4 39.Nf1 Qd3 40.Ng3 Qe3 41.Nf1 Qxe4 42.Bb2 Qxd5 43.Ne3 Qd3
44.Nf1 Be2 45.Bf6 Kf7 46.Ng3 Bg4 47.Kh2 Ke6 48.Bh8 Qd8  0-1

[Event "24th Politiken Cup"]
[Site "Copenhagen DEN"]
[Date "2002.07.15"]
[Round "1"]
[White "Nielsen,PH"]
[Black "Jessen,S"]
[Result "1-0"]
[WhiteElo "2626"]
[BlackElo "2074"]

1.d4 Nf6 2.c4 g6 3.Nc3 d5 4.cxd5 Nxd5 5.e4 Nxc3 6.bxc3 Bg7 7.Nf3 O-O 8.Be2 c5
9.O-O Nc6 10.Be3 Bg4 11.d5 Bxf3 12.Bxf3 Na5 13.Bxc5 Bxc3 14.Rc1 Bg7 15.Re1 b6
16.Bb4 Nb7 17.e5 Rb8 18.d6 exd6 19.exd6 Nc5 20.Re7 a5 21.Bc3 Re8 22.Bxg7 Kxg7
23.Qd4+ Kg8 24.Qf6 Rxe7 25.dxe7  1-0

[Event "FSGM July"]
[Site "Budapest HUN"]
[Date "2002.07.16"]
[Round "11"]
[White "Radziewicz,I"]
[Black "Horvath,Jo"]
[Result "1/2-1/2"]
[WhiteElo "2407"]
[BlackElo "2535"]

1.d4 Nf6 2.c4 g6 3.Nc3 d5 4.cxd5 Nxd5 5.e4 Nxc3 6.bxc3 Bg7 7.Nf3 c5 8.Bb5+ Nc6
9.O-O cxd4 10.cxd4 O-O 11.Bxc6 bxc6 12.Ba3 Bg4 13.Bc5 Bxf3 14.Qxf3 Bxd4 15.Rad1 Bxc5
16.Rxd8 Rfxd8 17.Qc3 Bd4 18.Qxc6 Rac8 19.Qb7 e5 20.h4 h5 21.Qe7 Re8 22.Qd7 Red8
23.Qe7 Re8 24.Qd7 Red8 25.Qe7  1/2-1/2

[Event "24th Politiken Cup"]
[Site "Copenhagen DEN"]
[Date "2002.07.18"]
[Round "4"]
[White "Hoeg,C"]
[Black "Naes,F"]
[Result "1-0"]
[WhiteElo "2010"]
[BlackElo "2232"]

1.d4 Nf6 2.c4 g6 3.Nc3 d5 4.cxd5 Nxd5 5.e4 Nxc3 6.bxc3 Bg7 7.Bc4 c5 8.Ne2 O-O
9.O-O Nc6 10.Be3 Bg4 11.f3 Na5 12.Bxf7+ Rxf7 13.fxg4 Rxf1+ 14.Kxf1 cxd4 15.cxd4 e5
16.d5 Nc4 17.Qd3 b5 18.Kg1 Qa5 19.g5 Rc8 20.Bf2 Qd2 21.Qh3 Rd8 22.Qe6+ Kh8
23.Ng3 a5 24.Qe7 Rf8 25.Bc5 Ne3 26.Bxe3 Qxe3+ 27.Kh1 Qd3 28.d6 b4 29.d7 a4
30.Nf5 gxf5 31.exf5 Qd5 32.f6 Bxf6 33.Qxf8+  1-0

[Event "CAN&QC Open"]
[Site "Montreal CAN"]
[Date "2002.07.19"]
[Round "8"]
[White "Hua,L"]
[Black "Masse,H"]
[Result "1/2-1/2"]
[WhiteElo "2266"]
[BlackElo "2095"]

1.d4 Nf6 2.c4 g6 3.Nc3 d5 4.cxd5 Nxd5 5.e4 Nxc3 6.bxc3 Bg7 7.Nf3 c5 8.Rb1 O-O
9.Be2 Nc6 10.d5 Ne5 11.Nxe5 Bxe5 12.Qd2 e6 13.f4 Bc7 14.O-O exd5 15.exd5 Ba5
16.Ba3 b6 17.Rb5 Ba6 18.Rxa5 Bxe2 19.Qxe2 bxa5 20.Bxc5 Qxd5 21.Bxf8 Rxf8
22.f5 Qc5+ 23.Kh1 Qxc3 24.f6 Rc8 25.h3 h6 26.Qe7 Qc7 27.Rd1 Qc2 28.Qd7 Qc7
29.Qd2 Qc2 30.Qd5 Qc3 31.Qb7 Qc7 32.Qb5 Qc2 33.Qd5 Qc3 34.Qb7 Qc7 35.Qb5  1/2-1/2

[Event "TCh-POL Jun"]
[Site "Laczna POL"]
[Date "2002.07.22"]
[Round "10"]
[White "Szromba,K"]
[Black "Owczarzak,J"]
[Result "0-1"]
[WhiteElo "2118"]
[BlackElo "2294"]

1.d4 Nf6 2.c4 g6 3.Nc3 d5 4.cxd5 Nxd5 5.e4 Nxc3 6.bxc3 Bg7 7.Nf3 c5 8.Be3 Nc6
9.Rc1 cxd4 10.cxd4 Qa5+ 11.Qd2 Qxd2+ 12.Kxd2 O-O 13.d5 Rd8 14.Ke1 Na5 15.Bg5 Bd7
16.Bd3 f5 17.Ke2 fxe4 18.Bxe4 Bb5+ 19.Ke1 Rac8 20.Rb1 Bc3+ 21.Bd2 a6 22.Bxc3 Rxc3
23.Kd2 Ra3 24.Ra1 Bc4 25.Kc2 Rxa2+ 26.Rxa2 Bxa2 27.Kb2 Bxd5 28.Rd1 e6 29.Ng5 Nc6  0-1

[Event "24th Politiken Cup"]
[Site "Copenhagen DEN"]
[Date "2002.07.24"]
[Round "9"]
[White "Romsdal,T"]
[Black "Jessen,S"]
[Result "1-0"]
[WhiteElo "2205"]
[BlackElo "2074"]

1.d4 Nf6 2.c4 g6 3.Nc3 d5 4.cxd5 Nxd5 5.e4 Nxc3 6.bxc3 Bg7 7.Be3 c5 8.Qd2 cxd4
9.cxd4 Nc6 10.Bb5 O-O 11.Bxc6 bxc6 12.Rc1 Qd7 13.f4 Qe6 14.Qc2 Bb7 15.Nf3 c5
16.d5 Qg4 17.Rb1 Ba6 18.Kf2 Bd4 19.Bxd4 cxd4 20.Qd2 d3 21.Ne5 Qh4+ 22.g3 Qf6
23.Rhc1 Rfc8 24.Nc6 g5 25.e5 Qh6 26.Kg2 gxf4 27.Qxf4 Qxf4 28.gxf4 Kf8 29.Kf2 d2
30.Rc3 Rab8 31.Nxb8 Rxc3 32.Rd1 Bb5 33.Rxd2 Rc8 34.Rb2 Rxb8 35.a4 a6 36.Ke3 Ke8
37.Kd4 Kd7 38.axb5 axb5 39.Rb3 Ra8 40.Rxb5 Ra2 41.Rb7+ Ke8 42.Rb8+ Kd7 43.Rf8 Rxh2
44.Rxf7 Ke8 45.e6 Rh1 46.Ke4 Rh5 47.Rg7 Kf8 48.Rg1 Rh2 49.Ra1 Kg7 50.Ra8 Rb2
51.Re8 Rb7 52.Kf5  1-0

[Event "24th Politiken Cup"]
[Site "Copenhagen DEN"]
[Date "2002.07.24"]
[Round "9"]
[White "Nielsen,PH"]
[Black "Turov,M"]
[Result "1-0"]
[WhiteElo "2626"]
[BlackElo "2518"]

1.d4 Nf6 2.c4 g6 3.Nc3 d5 4.cxd5 Nxd5 5.e4 Nxc3 6.bxc3 Bg7 7.Bc4 O-O 8.Ne2 c5
9.O-O Nc6 10.Be3 Bg4 11.f3 Na5 12.Bd3 cxd4 13.cxd4 Be6 14.d5 Bxa1 15.Qxa1 f6
16.Bh6 Re8 17.Kh1 Rc8 18.Nf4 Bd7 19.e5 Nc4 20.e6 Ne5 21.exd7 Qxd7 22.Qb1 Nxd3
23.Qxd3 e5 24.Ne2 Qa4 25.Nc3 Qd4 26.Qxd4 exd4 27.Ne4 Red8 28.Nxf6+ Kf7 29.Ne4 Rxd5
30.Kg1 d3 31.Rd1 Rc2 32.a3 Ke6 33.Bd2 Rd4 34.Be3 Rd5 35.Kf1 h5 36.Bd2 Rd4
37.Ke1 b5 38.Rb1 a6 39.Rb3 Kd5 40.Kf2 Kc4 41.Rb4+ Kd5 42.Ke3 Rxb4 43.axb4 Kc4
44.Nd6+ Kb3 45.Kxd3 Rc6 46.Ne4 Ka3 47.Kd4 Rc4+ 48.Kd5 Rxb4 49.Bxb4+ Kxb4
50.g4 hxg4 51.fxg4 a5 52.h4 a4 53.h5 a3 54.Nc3 gxh5 55.gxh5 Kb3 56.h6 b4
57.h7 bxc3 58.h8=Q a2 59.Qb8+ Kc2 60.Qa7 Kb2 61.Qb6+ Kc2 62.Qa5  1-0

[Event "24th Politiken Cup"]
[Site "Copenhagen DEN"]
[Date "2002.07.26"]
[Round "11"]
[White "Nilssen,J"]
[Black "Ekeberg,C"]
[Result "1/2-1/2"]
[WhiteElo "2363"]
[BlackElo "2213"]

1.d4 Nf6 2.c4 g6 3.Nc3 d5 4.cxd5 Nxd5 5.e4 Nxc3 6.bxc3 Bg7 7.Nf3 c5 8.Rb1 O-O
9.Be2 cxd4 10.cxd4 Qa5+ 11.Bd2 Qxa2 12.O-O Bg4 13.Be3 Nc6 14.d5 Na5 15.Rb4 Bc3
16.Ra4 Qb2 17.Qd3 Bd7 18.Raa1 Rfc8 19.Rab1 Qa2 20.Nd4 b6 21.Rbc1 Bxd4 22.Bxd4 Rxc1
23.Rxc1 Nb3 24.Re1 Bb5 25.Qc3 Nxd4 26.Bxb5 Nxb5 27.Qc6 Rd8 28.Qxb5 Qd2 29.Ra1 Qd4
30.Rxa7 Qxe4 31.h3 Rxd5 32.Qxb6 Rd1+ 33.Kh2 Qf4+ 34.g3 Qf3 35.Qb8+ Kg7 36.Qe5+ Kh6
37.Qe3+ Qxe3 38.fxe3 Rd2+ 39.Kg1 Kg5 40.Rxe7 Kf6 41.Re4 h5 42.Rf4+  1/2-1/2

[Event "KB Czech Open"]
[Site "Pardubice CZE"]
[Date "2002.07.27"]
[Round "9"]
[White "Kantorik,M"]
[Black "Bobras,P"]
[Result "0-1"]
[WhiteElo "2335"]
[BlackElo "2445"]

1.d4 Nf6 2.c4 g6 3.Nc3 d5 4.cxd5 Nxd5 5.e4 Nxc3 6.bxc3 Bg7 7.Be3 c5 8.Rc1 Qa5
9.Qd2 cxd4 10.cxd4 Qxd2+ 11.Bxd2 O-O 12.Nf3 Bg4 13.d5 Nd7 14.Bb5 Rfc8 15.h3 Rxc1+
16.Bxc1 Bxf3 17.gxf3 Rc8 18.Be3 Ne5 19.f4 Nc4 20.Bxc4 Rxc4 21.e5 g5 22.fxg5 Bxe5
23.O-O a6 24.f4 Bd4 25.Bxd4 Rxd4 26.Kg2 Rxd5 27.Rc1 e5 28.Rc7 exf4 29.h4 h6
30.gxh6 b5 31.Kf3 Rd2 32.a4 bxa4 33.Rc6 a3 34.Rxa6 Ra2 35.Kxf4 Ra1 36.Kf3 a2
37.Kg2 f5 38.Ra7 Kh8 39.h7 f4  0-1

[Event "ch-TUR"]
[Site "Ankara TUR"]
[Date "2002.07.29"]
[Round "10"]
[White "Bayram,Y"]
[Black "Erdogdu,M"]
[Result "1-0"]
[WhiteElo "2281"]
[BlackElo "2321"]

1.d4 Nf6 2.c4 g6 3.Nc3 d5 4.cxd5 Nxd5 5.e4 Nxc3 6.bxc3 Bg7 7.Bc4 c5 8.Ne2 O-O
9.O-O Nc6 10.Be3 Bg4 11.f3 cxd4 12.cxd4 Na5 13.Bd3 Be6 14.Rc1 Bxa2 15.Qa4 Bb3
16.Qb4 b6 17.Ba6 Qd6 18.Qxd6 exd6 19.d5 Ba4 20.Rc7 Nb3 21.Nc3 Bxc3 22.Rxc3 Nc5
23.Bxc5 dxc5 24.Ra1 Bd7 25.Bb7 a5 26.Bxa8 Rxa8 27.Rb1 Ra6 28.Rcb3 b5 29.Rxb5 Bxb5
30.Rxb5 a4 31.Rxc5 a3 32.Rc1 a2 33.Ra1 f5 34.e5 f4 35.g3 g5 36.h4 h6 37.hxg5 hxg5
38.Kg2 Ra5 39.d6 Rxe5 40.Rxa2 Rd5 41.gxf4 gxf4 42.Ra6 Kf7 43.Kh3 Rg5 44.d7 Ke7
45.Rd6 Kd8 46.Kh4 Rg3 47.Rd3 Rg1 48.Rd4 Rg2 49.Rxf4 Kxd7 50.Re4 Rg8 51.f4 Rf8
52.Kg5 Rg8+ 53.Kf5 Rf8+ 54.Kg6 Rg8+ 55.Kf7 Rg4 56.Rd4+ Kc6 57.Ke6 Rg6+ 58.Ke5 Rg4
59.Rd1 Rg2 60.f5 Re2+ 61.Kf6 Rf2 62.Ke6 Re2+ 63.Kf7 Rf2 64.f6 Rf3 65.Ke7 Re3+
66.Kf8 Rf3 67.f7 Rf2 68.Rd4 Kc5 69.Rd8 Rg2 70.Ke7 Re2+ 71.Kf6 Rf2+ 72.Kg6 Rg2+
73.Kh5 Rh2+ 74.Kg4  1-0

[Event "7th Open"]
[Site "Creon FRA"]
[Date "2002.07.29"]
[Round "2"]
[White "Voloaca,M"]
[Black "Zigura,O"]
[Result "1/2-1/2"]
[WhiteElo "2170"]
[BlackElo "2388"]

1.d4 Nf6 2.c4 g6 3.Nc3 d5 4.cxd5 Nxd5 5.e4 Nxc3 6.bxc3 Bg7 7.Nf3 b6 8.Bc4 Qd7
9.Qe2 O-O 10.e5 e6 11.h4 h5 12.O-O Qa4 13.Bb3 Ba6 14.c4 Qd7 15.Qe4 c5 16.dxc5 Bb7
17.Qe3 Qc6 18.cxb6 Nd7 19.Bb2 axb6 20.Rad1 Rfd8 21.Rd6 Qc7 22.Rfd1 Bxf3 23.Qxf3 Nxe5
24.Rxd8+ Rxd8 25.Rxd8+ Qxd8 26.Bxe5 Bxe5 27.g3 Qd4 28.Kg2 Kf8 29.Qe3 Ke7
30.Qxd4 Bxd4 31.Ba4 e5 32.Bc6 Bc3  1/2-1/2

[Event "It"]
[Site "Montreal CAN"]
[Date "2002.07.30"]
[Round "6"]
[White "Zugic,I"]
[Black "Ftacnik,L"]
[Result "1-0"]
[WhiteElo "2450"]
[BlackElo "2602"]

1.d4 Nf6 2.c4 g6 3.Nc3 d5 4.cxd5 Nxd5 5.e4 Nxc3 6.bxc3 Bg7 7.Be3 c5 8.Rc1 Qa5
9.Qd2 cxd4 10.cxd4 Qxd2+ 11.Bxd2 Nc6 12.d5 Nd4 13.Nf3 f5 14.Bc3 Nxf3+ 15.gxf3 Bxc3+
16.Rxc3 fxe4 17.fxe4 Rf8 18.f3 Bd7 19.Kf2 Kd8 20.Ke3 b5 21.Bd3 Rf6 22.h4 b4
23.Rc5 Rc8 24.Rxc8+ Bxc8 25.h5 Rb6 26.hxg6 hxg6 27.Kd4 Ba6 28.Bc2 Rf6 29.Rh8+ Kc7
30.Bd1 Bf1 31.Re8 Rf7 32.Kc5 a6 33.Ba4 Bh3 34.e5 Bd7 35.d6+ exd6+ 36.exd6+ Kb7
37.Bxd7 Rxd7 38.Re7 Kc8 39.Kc6 Rd8 40.d7+  1-0

[Event "ch-IRI"]
[Site "Tehran IRI"]
[Date "2002.08.02"]
[Round "8"]
[White "Nasri,A"]
[Black "Mohammadi,H"]
[Result "0-1"]
[WhiteElo "2254"]
[BlackElo "2272"]

1.d4 Nf6 2.c4 g6 3.Nc3 d5 4.cxd5 Nxd5 5.e4 Nxc3 6.bxc3 Bg7 7.Bc4 O-O 8.Ne2 Nc6
9.O-O e5 10.Be3 Na5 11.Qd3 Nxc4 12.Qxc4 b6 13.Rfd1 a5 14.Qb3 Ba6 15.Ng3 exd4
16.cxd4 h5 17.f3 h4 18.Nh1 h3 19.Nf2 hxg2 20.Kxg2 a4 21.Qc2 f5 22.Bf4 fxe4
23.Qxe4 Bc4 24.d5 b5 25.Ng4 Qh4 26.Qe6+ Kh7 27.Bg3 Qh5 28.Re1 Bxd5  0-1

[Event "ch-SLO"]
[Site "Dobrna SLO"]
[Date "2002.08.05"]
[Round "3"]
[White "Podkriznik,G"]
[Black "Orel,O"]
[Result "1-0"]
[WhiteElo "2299"]
[BlackElo "2346"]

1.d4 Nf6 2.c4 g6 3.Nc3 d5 4.cxd5 Nxd5 5.e4 Nxc3 6.bxc3 Bg7 7.Nf3 O-O 8.h3 c5
9.Be2 cxd4 10.cxd4 b6 11.Be3 Bb7 12.Qd3 Ba6 13.Qd2 Bb7 14.Qd3 Ba6 15.Qc2 Bb7
16.Rd1 Nd7 17.O-O Rc8 18.Qb1 e6 19.Bg5 Bf6 20.Bh6 Re8 21.Bb5 a6 22.Bxd7 Qxd7
23.Ne5 Qd8 24.Ng4 Bh8 25.Bf4 h5 26.Ne5 b5 27.Qd3 b4 28.Rc1 Bg7 29.Qe3 Qa5
30.Qe2 Qb6 31.Rfd1 Rxc1 32.Bxc1 Rd8 33.Qf3 Qc7 34.Bf4 Qe7 35.g4 hxg4 36.hxg4 g5
37.Bg3 a5 38.Qe3 a4 39.Rb1 Rc8 40.Qe1 Rc3 41.Kh2 a3 42.Qe2 b3 43.axb3 Qb4
44.Qd2 Bxe4 45.Ra1 Rxb3 46.Qxg5 Qxd4 47.Qh5 Rb7 48.Rxa3 Qd8 49.Re3 Bd5 50.g5 Qe8
51.Ng4 Rb1 52.f3 Qc6 53.Bf2 Qc7+ 54.Kg2 Qf4 55.Nh6+ Kf8 56.Bg3 Rb2+ 57.Kh3 e5
58.Bxf4 exf4  1-0

[Event "Open"]
[Site "Davos SUI"]
[Date "2002.08.06"]
[Round "3"]
[White "Schweizer,R"]
[Black "Hugentobler,P"]
[Result "0-1"]
[WhiteElo "2014"]
[BlackElo "2257"]

1.d4 Nf6 2.c4 g6 3.Nc3 d5 4.cxd5 Nxd5 5.e4 Nxc3 6.bxc3 Bg7 7.Bc4 c5 8.Ne2 O-O
9.O-O Nc6 10.Be3 Qc7 11.Rc1 Rd8 12.Qd2 Na5 13.Bd3 b6 14.Rfd1 Bb7 15.Qe1 Bc6
16.f4 e6 17.Qf2 c4 18.Bc2 f5 19.Ng3 Qf7 20.e5 Bf8 21.Re1 b5 22.Rb1 Qd7 23.Bd1 Be7
24.Nf1 Rdb8 25.Bd2 Be4 26.Rxe4 fxe4 27.Bc2 Nc6 28.Bxe4 a5 29.Ne3 b4 30.d5 bxc3
31.Rxb8+ Rxb8 32.Bxc3 exd5 33.Bxd5+ Kf8 34.Bxc4 Bc5 35.Kf1 Rb1+ 36.Ke2 Nd4+
37.Bxd4 Qxd4 38.Kf3 Rc1 39.Qh4 Qxe3+ 40.Kg4 h5+ 41.Kg5 Be7+  0-1

[Event "Stork Young Masters"]
[Site "Hengelo NED"]
[Date "2002.08.07"]
[Round "4"]
[White "Szeberenyi,A"]
[Black "L'Ami,E"]
[Result "1-0"]
[WhiteElo "2395"]
[BlackElo "2438"]

1.d4 Nf6 2.c4 g6 3.Nc3 d5 4.cxd5 Nxd5 5.e4 Nxc3 6.bxc3 Bg7 7.Qa4+ Qd7 8.Qa3 O-O
9.Nf3 b6 10.Bg5 Bb7 11.Bd3 c5 12.O-O e6 13.Rad1 cxd4 14.cxd4 Nc6 15.Bb5 a6
16.Ne5 axb5 17.Qxf8+ Rxf8 18.Nxd7 Ra8 19.d5 exd5 20.exd5 Ne5 21.Nxe5 Bxe5
22.Rfe1 Bd6 23.Be7 Bc5 24.d6 Bc6 25.d7 Bxe7 26.Rxe7 Kf8 27.Rxf7+  1-0